|
|
|
|
| LEADER |
01192nam a22003131 4500 |
| 001 |
c000338264 |
| 003 |
CARM |
| 005 |
00000000000000.0 |
| 008 |
790621m19601961fr d 001 0cfre |
| 010 |
|
|
|a a 61001016 //r942
|
| 019 |
1 |
|
|a 2528375
|z 58084979
|5 LACONCORD2021
|
| 020 |
|
|
|a 2070105474 (v. 1)
|
| 035 |
|
|
|a (OCoLC)5158025
|5 LACONCORD2021
|
| 043 |
|
|
|a e-fr---
|
| 050 |
0 |
0 |
|a DC130.T2
|b A2 1960
|
| 100 |
2 |
|
|a Tallemant Des Réaux,
|d 1619-1690.
|
| 245 |
1 |
0 |
|a Historiettes.
|c Texte intégral établi et annoté par Antoine Adam.
|
| 260 |
|
|
|a [Paris,
|b Gallimard,
|c 1960-1961]
|
| 300 |
|
|
|a 2 v.
|c 18 cm.
|
| 490 |
0 |
|
|a Bibliothèque de la Pléiade,
|v 142, 151
|
| 500 |
|
|
|a Vol. 1: 1990 printing.
|
| 504 |
|
|
|a Includes bibliographical references and indexes.
|
| 650 |
|
0 |
|a Nobility
|z France
|x Biography.
|
| 651 |
|
0 |
|a France
|x Intellectual life
|y 17th century.
|
| 651 |
|
0 |
|a France
|x Social life and customs
|y 17th century
|
| 700 |
1 |
|
|a Adam, Antoine.
|
| 852 |
8 |
|
|b CARM
|h A1:AM13A0
|i A04709
|p 0416425
|f BK
|
| 999 |
f |
f |
|i 7c676fde-2f31-5136-ad8e-6205559ddf09
|s 07f906f3-7b97-5571-8498-817cd4fcb2db
|
| 952 |
f |
f |
|p Can circulate
|a CAVAL
|b CAVAL
|c CAVAL
|d CARM 1 Store
|e A04709
|f A1:AM13A0
|h Other scheme
|i book
|m 0416425
|